000 00633cam a22002174a 4500
005 20250605164224.0
008 250528s ||||||||||||||||||||||||d
035 _a20775
020 _a086377346Χ
040 _aGR-AtMCL
_bgre
_dGR-AtMCL
_eAACR2
245 1 _aTHEORIES OF MEMORY
250 _a1
260 _bΣυλλογικο,
_c1993
300 _a428
505 0 _aEDITORS: ALAN F. COLLINS, SUSAN E. GATHERCOLE, MARTIN A. CONWAY & PETER E.MORRIS
520 _aEDITORS: ALAN F. COLLINS, SUSAN E. GATHERCOLE, MARTIN A. CONWAY & PETER E.MORRIS
700 1 _aLea
_96740
942 _cBK
999 _c5858
_d5858